[Event "2"]
[Site "http://www.queenalice.com/game.php?id=189364"]
[Date "2007.3.29"]
[Round "-"]
[White "someone"]
[Black "marius"]
[Result "1/2-1/2"]
[WhiteElo "1687"]
[BlackElo "1654"]

1. c4 c5 2. Nc3 Nc6 3. Nf3 Nf6 4. d3 d6 5. Bf4 Bf5 6. e4 Bg4 7. Be2 Bxf3 8. Bxf3
e5 9. Bg5 Nd4 10. Nd5 Nxf3+ 11. Qxf3 h6 12. Nxf6+ gxf6 13. Bxf6 Qa5+ 14. b4
Qxb4+ 15. Ke2 Qb2+ 16. Ke3 h5 17. Qg3 Bh6+ 18. Bg5 Rg8 19. Rhb1 Qd4+ 20. Ke2
Rxg5 21. Qf3 Rb8 22. Qf6 Rg6 23. Qh8+ Bf8 24. Qxh5 Rxg2 25. Qh4 Bh6 26. Rg1 Qe3+
27. Kf1 Rxg1+ 28. Kxg1 Qg5+ 29. Qg3 Qxg3+ 30. hxg3 Ke7 31. Rb1 b6 32. Kg2 Rg8
33. Kf3 Ke6 34. a4 f5 35. Rh1 fxe4+ 36. Kxe4 Rd8 37. Rxh6+ Kf7 1/2-1/2

[Event "Herbs Match II"]
[Site "http://www.queenalice.com/game.php?id=189786"]
[Date "2007.3.30"]
[Round "-"]
[White "North44"]
[Black "someone"]
[Result "1-0"]
[WhiteElo "1636"]
[BlackElo "1706"]

1. e4 e5 2. Nc3 Nf6 3. Nf3 Nc6 4. d3 Bc5 5. Nd5 Ng4 6. Be3 d6 7. h3 Nxe3 8. fxe3
Be6 9. Nc3 Bxe3 10. Qe2 Bd4 11. O-O-O Nb4 12. Nxd4 exd4 13. Nd5 Qg5+ 14. Qd2
Qxd2+ 15. Kxd2 Bxd5 16. exd5 Nxd5 17. Re1+ Ne3 18. Rxe3+ dxe3+ 19. Kxe3 O-O-O
20. g4 Rd7 21. Bg2 Re7+ 22. Kd2 Rhe8 23. Bf3 c6 24. g5 Kc7 25. Bh5 g6 26. Bg4 a5
27. a4 Re5 28. h4 b5 29. Ra1 Rd5 30. Bf3 Rd4 31. axb5 cxb5 32. Rxa5 Kb6 33. Ra8
Re5 34. Rb8+ Kc5 35. Rc8+ Kb6 36. Rc6+ Ka5 37. c3 Rxh4 38. b4+ Ka4 39. Kc1 Rh2
40. Bd1+ Ka3 41. Ra6# 1-0

[Event "AUTO-INT-315"]
[Site "http://www.queenalice.com/game.php?id=192161"]
[Date "2007.4.5"]
[Round "2"]
[White "tehan"]
[Black "someone"]
[Result "0-1"]
[WhiteElo "1996"]
[BlackElo "1661"]

1. e4 e5 2. Nf3 Nc6 3. Bb5 Bc5 4. O-O Nf6 5. d3 Ng4 6. Qe2 d6 7. Be3 Bd7 8. Bxc5
dxc5 9. h3 Nf6 10. Bxc6 Bxc6 11. Nxe5 Bb5 12. Nc3 Bd7 13. Rfe1 O-O 14. Qe3 Qe7
15. Nf3 Be6 16. Rad1 c6 17. a3 Rad8 18. Nd2 b6 19. Ne2 h6 20. Qf3 Nd7 21. c4 Ne5
22. Qe3 Rxd3 23. Qf4 Ng6 24. Qh2 Qg5 25. f4 Qd8 26. f5 Rxd2 27. Rxd2 Qxd2 28.
Qg3 Bxc4 29. fxg6 fxg6 30. Nc3 Qxb2 31. Nd1 Qd2 32. Ne3 Be2 33. e5 c4 34. e6 c3
35. Kh2 c2 36. Nxc2 Qxc2 37. Qe3 Bf3 38. Rg1 Qe2 39. Qxe2 Bxe2 40. Re1 Bb5 0-1

[Event "AUTO-INT-315"]
[Site "http://www.queenalice.com/game.php?id=192162"]
[Date "2007.4.5"]
[Round "2"]
[White "someone"]
[Black "tehan"]
[Result "0-1"]
[WhiteElo "1756"]
[BlackElo "1993"]

1. d4 d5 2. Nc3 Nf6 3. Nf3 Nc6 4. Bf4 Bg4 5. Nb5 Rc8 6. e3 a6 7. Nc3 e6 8. Be2
Bd6 9. Ne5 Bxe2 10. Qxe2 O-O 11. O-O Qe8 12. a3 h6 13. Qf3 Qe7 14. Qg3 Kh7 15.
Rad1 Nh5 16. Qg4 Nxf4 17. exf4 Rcd8 18. Rfe1 Qf6 19. Nxd5 exd5 20. g3 Rfe8 21.
h4 Re7 22. b4 Rde8 23. h5 Qe6 24. Qf3 Qf5 25. Qxd5 f6 26. g4 Qxf4 27. Re4 Qg5
28. b5 axb5 29. Qxb5 fxe5 30. Qd3 Kh8 31. d5 Nb8 32. a4 Nd7 0-1

[Event "AUTO-INT-315"]
[Site "http://www.queenalice.com/game.php?id=192163"]
[Date "2007.4.5"]
[Round "2"]
[White "gabrielbrenner"]
[Black "someone"]
[Result "1-0"]
[WhiteElo "1685"]
[BlackElo "1708"]

1. e4 e5 2. Nf3 Nc6 3. Bc4 Bc5 4. O-O d6 5. h3 Nh6 6. d3 O-O 7. Bxh6 Qf6 8. Be3
Qg6 9. Bxc5 dxc5 10. Nc3 Nd4 11. Nd5 Nc6 12. Nxe5 Qg5 13. Nxc6 bxc6 14. f4 Qd8
15. Ne3 Qd4 16. Qd2 Qxb2 17. Rab1 Qd4 18. Kh1 Qd6 19. Qc3 Be6 20. Bxe6 fxe6 21.
f5 Rab8 22. Rxb8 Rxb8 23. fxe6 Qxe6 24. Nf5 Qd7 25. Qxc5 Rb2 26. Nh6+ gxh6 27.
Qf8# 1-0

[Event "AUTO-INT-315"]
[Site "http://www.queenalice.com/game.php?id=192164"]
[Date "2007.4.5"]
[Round "2"]
[White "someone"]
[Black "gabrielbrenner"]
[Result "1-0"]
[WhiteElo "1669"]
[BlackElo "1702"]

1. d4 d5 2. Nc3 Nf6 3. Bf4 Bf5 4. Nf3 Nc6 5. Nb5 e5 6. dxe5 Nh5 7. Qd2 Bb4 8. c3
Ba5 9. e3 O-O 10. Bd3 Bxd3 11. Qxd3 Nxf4 12. exf4 Qd7 13. Ng5 g6 14. e6 fxe6 15.
O-O Rxf4 16. Nd4 Nxd4 17. cxd4 Bb6 18. Rae1 Rxd4 19. Qc3 Rc4 20. Qf6 Qg7 21.
Qxe6+ Kf8 22. Qxd5 Re8 23. Qxc4 Rxe1 24. Rxe1 Qf6 25. Nxh7+ 1-0

[Event "Challenge"]
[Site "http://www.queenalice.com/game.php?id=193336"]
[Date "2007.4.7"]
[Round "-"]
[White "hk1960"]
[Black "someone"]
[Result "0-1"]
[WhiteElo "1019"]
[BlackElo "1702"]

1. d4 Nf6 2. e3 d5 3. Bd2 c5 4. Bb5+ Bd7 5. Bd3 e6 6. f3 g6 7. Nh3 Bg7 8. e4 Nc6
9. O-O Nxd4 10. exd5 exd5 11. c3 Nb5 12. a4 Nd6 13. Be3 Qb6 14. Ra3 O-O 15. b3
d4 16. cxd4 cxd4 17. a5 Qc5 18. Bf4 Nd5 19. Re1 Bxh3 20. Qe2 Nxf4 21. Qf2 Nxd3
22. Qd2 Nxe1 23. Qxe1 Rfe8 24. Qf1 d3+ 25. Qf2 Qc2 26. Qg3 Qxb1+ 27. Kf2 Qe1#
0-1

[Event "Challenge"]
[Site "http://www.queenalice.com/game.php?id=194732"]
[Date "2007.4.10"]
[Round "-"]
[White "Joe_Boyd"]
[Black "someone"]
[Result "0-1"]
[WhiteElo "1797"]
[BlackElo "1686"]

1. e4 e5 2. Nf3 d6 3. d4 exd4 4. Nxd4 Nf6 5. Bd3 Be7 6. O-O O-O 7. c4 b6 8. Nc3
Bb7 9. b3 Nc6 10. Nxc6 Bxc6 11. Bb2 Qd7 12. f4 Ng4 13. Rf3 Bh4 14. Ne2 Rfe8 15.
Qc2 Qe6 16. Nd4 Qh6 17. Nf5 Bf2+ 18. Rxf2 Qxh2+ 19. Kf1 g6 20. Nd4 Ne3+ 0-1

[Event "Challenge"]
[Site "http://www.queenalice.com/game.php?id=194733"]
[Date "2007.4.10"]
[Round "-"]
[White "someone"]
[Black "Joe_Boyd"]
[Result "1-0"]
[WhiteElo "1706"]
[BlackElo "1859"]

1. d4 Nf6 2. Nc3 e6 3. e4 Bb4 4. Bd3 O-O 5. Ne2 c5 6. Be3 Nc6 7. O-O cxd4 8.
Nxd4 Bxc3 9. bxc3 d5 10. Bg5 Qe7 11. Qe2 Ne5 12. exd5 Ned7 13. Nf5 Qc5 14. Be3
Qxc3 15. Bd4 Qa3 16. Ng3 exd5 17. Qf3 Qd6 18. Rab1 b6 19. Rfe1 Bb7 20. Nf5 Qc7
21. Re7 Rfe8 22. Rbe1 Rxe7 23. Rxe7 Qd8 24. Bxf6 Nxf6 25. Rxb7 1-0

[Event "1"]
[Site "http://www.queenalice.com/game.php?id=201578"]
[Date "2007.4.24"]
[Round "-"]
[White "someone"]
[Black "marius"]
[Result "1-0"]
[WhiteElo "1730"]
[BlackElo "1672"]

1. d4 d5 2. Nc3 Nf6 3. Bg5 Bf5 4. f3 h6 5. Bf4 a6 6. e3 e6 7. Bd3 Bxd3 8. Qxd3
Nbd7 9. Nge2 c5 10. e4 c4 11. Qe3 Be7 12. exd5 Nxd5 13. Nxd5 exd5 14. Nc3 Nf6
15. O-O-O O-O 16. g4 Ne8 17. Rhg1 g5 18. Bg3 Bd6 19. f4 Nf6 20. fxg5 Nxg4 21.
Qd2 h5 22. h3 Bxg3 23. Rxg3 1-0

[Event "Ya wanna try again?"]
[Site "http://www.queenalice.com/game.php?id=201599"]
[Date "2007.4.24"]
[Round "-"]
[White "someone"]
[Black "North44"]
[Result "0-1"]
[WhiteElo "1765"]
[BlackElo "1637"]

1. d4 d5 2. Nc3 Nf6 3. e3 c6 4. Bd3 a5 5. Nf3 a4 6. a3 e6 7. e4 b5 8. Bg5 Be7 9.
Bxf6 Bxf6 10. e5 Bg5 11. Ne2 O-O 12. O-O Be7 13. c3 Na6 14. Nf4 f6 15. Qe2 Qb6
16. Nh4 fxe5 17. Qh5 g6 18. Nfxg6 Rf7 19. Nxe5 Rg7 20. Nhg6 hxg6 21. Bxg6 c5 22.
Nf7 Kf8 23. Nh6 e5 24. Bf5 Be6 25. Rfe1 e4 26. Rad1 Rg5 27. Qh3 Ke8 28. Bxe6 Nc7
29. Nf7 Qxe6 30. Nxg5 Bxg5 31. Qh5+ Kd7 32. Qxg5 Rg8 33. Qe3 Qg4 34. g3 Qh3 35.
dxc5 Kc6 36. Rd4 Rh8 37. Rb4 Qxh2+ 38. Kf1 Na6 39. c4 Nxb4 40. axb4 bxc4 41. Qa3
Kb5 42. Qa1 Rf8 43. Ke2 Qxf2+ 44. Kd1 Qf1 45. c6 Kxc6 46. Qxa4+ Kd6 47. Rxf1
Rxf1+ 48. Kc2 Rf2+ 49. Kc3 Rf3+ 50. Kc2 Rxg3 51. Qa6+ Ke5 52. Qc6 Rb3 53. Qc5 e3
54. b5 Ke4 55. b6 e2 56. Kd2 Rxb2+ 57. Ke1 d4 58. Qxc4 Kf3 59. Qxd4 Rb1+ 60. Kd2
e1=Q+ 61. Kc2 Qc1+ 62. Kd3 Rb3+ 0-1

[Event "3"]
[Site "http://www.queenalice.com/game.php?id=203603"]
[Date "2007.4.28"]
[Round "-"]
[White "someone"]
[Black "marius"]
[Result "1-0"]
[WhiteElo "1744"]
[BlackElo "1637"]

1. e4 c5 2. Nf3 Nc6 3. c3 e5 4. Bc4 Qc7 5. d3 h6 6. O-O Be7 7. Be3 Nf6 8. d4
cxd4 9. cxd4 exd4 10. Bxd4 Nxd4 11. Qxd4 d6 12. Nbd2 O-O 13. Rac1 Qb6 14. Qd3
Ng4 15. e5 Nxe5 16. Qe4 Qxb2 17. Nxe5 Qxe5 18. Bd3 Qxe4 19. Bxe4 f5 20. Bd5+ Kh8
21. Rfe1 Bg5 22. Rcd1 Bxd2 23. Rxd2 Rb8 24. a4 Bd7 25. f4 b5 26. a5 Rfe8 27.
Rde2 Rxe2 28. Rxe2 Re8 29. Rc2 Rc8 30. Rd2 Rd8 31. Rc2 Rc8 32. Rb2 a6 33. Bb7
Rc1+ 34. Kf2 Ra1 35. Rd2 b4 36. Rxd6 Bb5 37. g4 fxg4 38. f5 b3 39. Be4 b2 40.
Rd8+ Kh7 41. f6+ g6 42. f7 Ra2 43. Rh8+ 1-0

[Event "4"]
[Site "http://www.queenalice.com/game.php?id=208364"]
[Date "2007.5.9"]
[Round "-"]
[White "marius"]
[Black "someone"]
[Result "1-0"]
[WhiteElo "1622"]
[BlackElo "1749"]

1. e4 e5 2. Bc4 Nf6 3. d3 Bc5 4. Nf3 d6 5. Bg5 Bg4 6. Nc3 Nbd7 7. Nd5 c6 8.
Nxf6+ Nxf6 9. O-O Qb6 10. Rb1 O-O 11. Bxf6 gxf6 12. c3 Kh8 13. b4 Bxf2+ 14. Rxf2
Rg8 15. d4 Rad8 16. Be2 d5 17. Nh4 Be6 18. Bh5 dxe4 19. Rd2 Bd5 20. Qf1 Rd6 21.
Nf5 Rd7 22. Nh6 Qd8 23. Nxg8 Kxg8 24. dxe5 fxe5 25. c4 e3 26. Rd3 Qg5 27. cxd5
Qxh5 28. dxc6 Rxd3 29. Qxd3 bxc6 30. Qxe3 a6 31. Rc1 f6 32. Rxc6 Kg7 33. Qg3+
Kf7 34. Rc7+ Ke6 35. Qg8+ Kd6 36. Qd8+ Ke6 37. Qd7# 1-0

[Event "Some one to lose to."]
[Site "http://www.queenalice.com/game.php?id=211325"]
[Date "2007.5.15"]
[Round "-"]
[White "technicaldraw"]
[Black "someone"]
[Result "1-0"]
[WhiteElo "2090"]
[BlackElo "1744"]

1. e4 c5 2. Nf3 Nc6 3. Bb5 e6 4. O-O Nge7 5. Nc3 a6 6. Be2 d5 7. exd5 exd5 8. d3
Nf5 9. Re1 Bd6 10. Nxd5 Bxh2+ 11. Nxh2 1-0

[Event "Mad-Eye Moody Challenge"]
[Site "http://www.queenalice.com/game.php?id=255385"]
[Date "2007.8.14"]
[Round "-"]
[White "North44"]
[Black "someone"]
[Result "1/2-1/2"]
[WhiteElo "1680"]
[BlackElo "1728"]

1. e4 c5 2. Bc4 e6 3. Nf3 Nc6 4. c3 Nf6 5. Qe2 Qc7 6. d4 Be7 7. O-O d5 8. exd5
exd5 9. Bb5 Bd7 10. Re1 Ne4 11. c4 Be6 12. Bxc6+ Qxc6 13. Ne5 Qd6 14. Qf3 f5 15.
Qh5+ g6 16. Nxg6 Bf7 17. Qxf5 Bxg6 18. Qxd5 Qxd5 19. cxd5 Rf8 20. f3 Bh4 21. Re2
Rf4 22. Bxf4 O-O-O 1/2-1/2

[Event "Mad-Eye Moody Redux"]
[Site "http://www.queenalice.com/game.php?id=260057"]
[Date "2007.8.23"]
[Round "-"]
[White "North44"]
[Black "someone"]
[Result "1-0"]
[WhiteElo "1668"]
[BlackElo "1726"]

1. e4 g6 2. Nc3 Bg7 3. Bc4 e6 4. Qf3 Nc6 5. Nh3 Nd4 6. Qd3 Qh4 7. O-O Ne7 8. Nb5
Nxb5 9. Bxb5 c6 10. Bc4 O-O 11. Qg3 Qxe4 12. Bd3 Qd5 13. a4 b5 14. Ra3 Bb7 15.
Be2 e5 16. axb5 cxb5 17. Bf3 e4 18. Be2 Bf6 19. Ra5 a6 20. c4 Qc5 21. d3 Nc6 22.
Qc7 Bc8 23. Qf4 Be5 24. Qxe4 Re8 25. g3 d5 26. cxd5 Nxa5 27. b4 Qc2 28. Ng5 Nc6
29. dxc6 Be6 30. Qxe5 Bh3 31. Qf6 Rf8 32. Nxh3 Qxe2 33. Bh6 1-0

[Event "Challenge"]
[Site "http://www.queenalice.com/game.php?id=265616"]
[Date "2007.9.2"]
[Round "-"]
[White "stress"]
[Black "someone"]
[Result "1-0"]
[WhiteElo "1744"]
[BlackElo "1708"]

1. e4 e5 2. Nf3 Nc6 3. Be2 Nf6 4. d3 d5 5. exd5 Nxd5 6. O-O Be7 7. c3 h6 8. d4
Bf6 9. dxe5 Nxe5 10. Nxe5 Bxe5 11. c4 Qh4 12. g3 1-0

[Event "Challenge"]
[Site "http://www.queenalice.com/game.php?id=265617"]
[Date "2007.9.2"]
[Round "-"]
[White "someone"]
[Black "stress"]
[Result "0-1"]
[WhiteElo "1693"]
[BlackElo "1772"]

1. d4 e5 2. dxe5 Nc6 3. Nf3 Qe7 4. Nc3 Nxe5 5. e4 c6 6. Be2 Nxf3+ 7. Bxf3 d5 8.
O-O dxe4 9. Nxe4 Be6 10. b3 Qd7 11. Bb2 O-O-O 12. b4 Qxd1 13. Bxd1 f6 14. Nc5
Bxc5 0-1